Avril Lavigne Filmography - Statistics

General Stats
  • This quiz has been taken 14 times
    3 since last reset
  • The average score is 2 of 77
Answer Stats
Type Year Name % Correct
Film 2006 Over the Hedge
100%
TV Show 2005 Punk'd
50%
TV Show 2003, 2004, 2007 Saturday Night Live
50%
TV Special 2003 95.8 Capital FM's Party in the Park for the Prince's Trust 2003
0%
TV Show 2002 All That
0%
TV Show 2010 American Idol
0%
TV Show 2004 Ant & Dec's Saturday Night Takeaway
0%
Web Series 2002 AOL Sessions
0%
TV Special 2003 Avril Lavigne: Anything But Ordinary
0%
Concert Film 2005 Avril Lavigne: Bonez Tour 2005 Live at Budokan
0%
Concert Film 2004 Avril Lavigne, Bonez World Tour 2004/2005
0%
Documentary 2011 Avril Lavigne: Life of a Rock Pop Star
0%
Concert Film 2013 Avril Lavigne: Live in Seoul
0%
Concert Film 2003 Avril Lavigne: My World
0%
TV Special 2008 Avril Lavigne: Presented by Nokia
0%
Documentary 2003 Avril Lavigne: Skater Girl
0%
Concert Film 2008 Avril Lavigne: The Best Damn Tour - Live in Toronto
0%
Documentary 2011 Avril Lavigne: The Whole Picture
0%
TV Documentary 2004 Avril Lavigne: Under My Skin
0%
Documentary 2013 Avril Lavigne: Walk Unafraid
0%
Commercial 2009 Black Star Frangrance
0%
TV Special 2011 Boombox All Access with Avril Lavigne
0%
Web Series 2026 Brawlhalla: Legends of Valhalla
0%
TV Show 2011 Britain's Got Talent
0%
TV Show 2007 Canadian Idol
0%
Commercial 2008 Canon
0%
Web Series 2023 Carpool Karaoke
0%
Film 2018 Charming
0%
TV Show 2007, 2013, 2018 Dancing with the Stars
0%
Documentary Series 2003 Dateline NBC
0%
TV Special 2002 Diary Presents: VMA Superstars
0%
TV Show 2007 Factor X
0%
TV Special 2004, 2007 Fashion Rocks
0%
Film 2006 Fast Food Nation
0%
TV Special 2020 From Ontario with Love - New Year's Special
0%
Commercial 2021 GEICO
0%
Film 2004 Going the Distance
0%
TV Show 2001 Gonna Meet a Rock Star
0%
Film 2022 Good Mourning
0%
Documentary Series 2019 Jay Leno's Garage
0%
TV Special 2003 Junior Eurovision Song Contest
0%
Documentary 2012 Katy Perry: Part of Me
0%
TV Show 2011 Keeping Up with the Kardashians
0%
TV Show 2011 Kourtney & Kim Take New York
0%
TV Show 2004 MADtv
0%
TV Show 2011 Majors & Minors
0%
TV Show 2011 Majors & Minors
0%
TV Special 2021 MTV 00s: Avril Lavigne vs P!nk
0%
TV Special 2003 MTV Icon: Metallica
0%
TV Show 2002-2003 Música Sí
0%
TV Show 2014 Pânico na Band
0%
TV Show 2008 Pop Fiction
0%
Commercial 2010 Proactiv
0%
Film 2022 Remember Me Just Like This
0%
TV Show 2002 Sabrina the Teenage Witch
0%
TV Special 2003 Sarah McLachlan: Custom Concert
0%
TV Show 2011 Schlag den Raab
0%
TV Special 2022 SeeHer Hear Her
0%
TV Show 2003 Sen kväll med Luuk
0%
Documentary 2003 Simple Plan: A Big Package for You
0%
Documentary 2025 Simple Plan: The Kids in the Crowd
0%
TV Show 2007 SmapxSmap
0%
TV Show 2003 Snurre Snups Søndagsklub
0%
TV Show 2007 Star Academy
0%
Concert Film 2015 Taylor Swift: The 1989 World Tour Live
0%
TV Show 2004 The Big Arvo
0%
TV Show 2015 The Dr. Oz Show
0%
Film 2007 The Flock
0%
TV Special 2022 The Fourth in America
0%
TV Show 2007 The Friday Night Project
0%
Web Series 2023 The Kardashians
0%
TV Show 2010 The Transistor Sessions
0%
TV Show 2004, 2005 Top of the Pops Saturday
0%
TV Show 2002, 2003, 2005 TRL Italy
0%
Web Series 2013 VEVO's Certified
0%
TV Show 2005, 2007 Wanna Bet?
0%
Web Special 2021 Willow in Concert: Lately I Feel Everything
0%
No matching quizzes found
Score Distribution
Percent of People with Each Score
Percentile by Number Answered
Your Score History
You have not taken this quiz since the last reset